Dramas de honor I: A secreto agravio, secreta venganza

Uloženo v:
Podrobná bibliografie
Hlavní autor: Calderón de la Barca, Pedro
Médium: Kniha
Jazyk:Undetermined
Vydáno: Madrid, España Espasa-Calpe 1956
Témata:
Tagy: Přidat tag
Žádné tagy, Buďte první, kdo vytvoří štítek k tomuto záznamu!

MARC

LEADER 00000nam a2200000Ia 4500
008 170316s9999 xx 000 0 und d
040 |a cru BVZT 
090 |a 862 C-3d v.1 
100 |a Calderón de la Barca, Pedro 
245 |a Dramas de honor I: A secreto agravio, secreta venganza 
260 |a Madrid, España 
260 |b Espasa-Calpe 
260 |c 1956 
300 |a 96 páginas Tomo I 
650 |a LITERATURA ESPAÑOLA 
999 |c 9738  |d 9738 
942 |c 15 D  |h 862 C-3d v.1  |2 z